| 000 | 00391cam a2200157ua 4500 | ||
|---|---|---|---|
| 003 | OSt | ||
| 008 | 241223b |||||||| |||| 00| 0 eng d | ||
| 041 | _aeng | ||
| 082 |
_a621.312 134 _bBRO/HY |
||
| 100 |
_aBrown, Guthrie J. _96510 |
||
| 245 | 0 | 0 | _aHydro-electric engineering practice / |
| 250 | _a2 / | ||
| 260 |
_aLondon : _bBlackie & Son Ltd , _c1964. |
||
| 300 | _a1233 ; . | ||
| 942 | _cBK | ||
| 999 |
_c222 _d222 |
||